000 00537nam a2200121Ia 4500
008 171212s9999 xx 000 0 und d
020 _a9780833079329
100 _aLorell, Mark A.;Kennedy, Michael;Leonard, Robert S.;Munson, Ken;Abramzon, Shmuel
245 _cLorell, Mark A.;Kennedy, Michael;Leonard, Robert S.;Munson, Ken;Abramzon, Shmuel
_aDo Joint Fighter Programs Save Money?
_bTechnical Appendixes on Methodology
260 _bRAND Corporation
_c2013
650 _aHistory
856 _uhttp://www.jstor.org/stable/10.7249/j.ctt5vjwkm
999 _c351964
_d351964